Music Quiz

Random Music or Kpop Quiz

Match the Group to its Members ( Oldest to Youngest) Quiz Stats

 Plays Quiz not verified by Sporcle

Challenge
Share
Tweet
Embed
Score 0/130 Timer 15:00
0 Plays Today
% Correct
TOP
85.2%
Seungri
62.1%
Gdragon
61%
Daesung
60.4%
Taeyang
56.7%
S.coups
52.2%
CL
48.1%
JB
47.5%
Mark
45.7%
N
45.4%
Dara
45%
Hyuk
43.3%
Jin
42.4%
Jungkook
42.3%
Taemin
41.8%
Jeonghan
41.5%
Yugyeom
41.2%
Onew
40.8%
Bom
40.2%
Leo
39.7%
Rapmonster
39.7%
V
39.7%
Dino
39.4%
Hongbin
39.4%
Jackson
39.1%
Minho
39%
Ravi
38.5%
Suzy
38.5%
Joshua
38.2%
Lisa
37.9%
Bambam
37.9%
Chanhyuk
37.8%
Suga
37.8%
Ken
37.5%
Jimin
37.5%
Suhyun
36.9%
Youngjae
36.7%
Doojoon
36%
Jonghyun
35.8%
Rose
35.7%
Fei
35.7%
Key
35.5%
Jisoo
34.9%
Min
34.9%
% Correct
Jun
34.2%
Vernon
34%
Jhope
34%
Xiumin
34%
Jennie
33.9%
Woozi
33.4%
Dongwoon
33.1%
Hoshi
32.5%
Seungkwan
32.5%
Gikwang
32.5%
Wonwoo
32.4%
The8
31.3%
DK
31%
Suho
31%
Taehyun
30.6%
Mingyu
30%
Sehun
30%
Junhyung
29.7%
Yoseob
29.2%
Kai
28.6%
Lay
28.5%
Chanwoo
28.2%
Junior
28%
Jinwoo
27.9%
Gongchan
27.4%
Jinhwan
27%
BI
27%
Seungyoon
26.4%
Jinyoung
25.9%
Chanyeol
25.6%
Taeyeon
25.6%
DO
25.3%
Baekhyun
24.6%
Leeteuk
24.4%
Chen
24.3%
Seunghoon
23.8%
Bobby
23.2%
Seohyun
23.2%
Ren
22.9%
Mino
22.6%
Junhoe
21.6%
CNU
21.4%
Baro
21.3%
Tiffany
21.1%
% Correct
JR
20.7%
Sandeul
20.4%
Sunggyu
20.4%
Jun.k
20.2%
Heechul
20.2%
Yunhyeong
20.1%
Donghyuk
20.1%
Chansung
19.6%
Sooyoung
19.2%
Sunny
19%
Yoona
18.9%
Kyuhyun
18.9%
Hyoyeon
18.6%
Yuri
18.3%
Aron
18.1%
Taecyeon
18%
Baekho
17.8%
Sungjong
17.5%
I.M.
17.3%
Shownu
16.7%
Minhyun
16.3%
Yesung
15.9%
L
15.9%
Kangin
15.1%
Junho
14.8%
Ryeowook
14.4%
Dongwoo
14.2%
Wooyoung
13.8%
Hoya
13.6%
Sungyeol
13.5%
Nichkhun
13.2%
Woohyun
13%
Wonho
12.6%
Jooheon
12.6%
Hyungwon
12%
Minhyuk
11.6%
Kihyun
11.6%
Shindong
10.9%
Donghae
10.6%
Eunghyuk
10.2%
Siwon
6.1%
Sungmin
5.7%

You're not logged in!

Compare scores with friends on all Sporcle quizzes.
Join for Free
OR
Log In

You Might Also Like...

Show Comments

Extras

Top Quizzes Today


Score Distribution

Your Account Isn't Verified!

In order to create a playlist on Sporcle, you need to verify the email address you used during registration. Go to your Sporcle Settings to finish the process.

Report this User

Report this user for behavior that violates our Community Guidelines.

Details: